000 00287nam a2200109Ia 4500
008 200302s9999 xx 000 0 und d
100 _aFernando Marquez
245 _a2005 - 2009 Toyo Ito Espacio Liquido Liquid Space
260 _bElcroquis Publishers
260 _c2009
300 _a227 P.,
999 _c2968
_d2968